[Event "12. Torneo de Promoción Almansa 2017"]
[Site "Almansa ESP"]
[Date "2017.08.02"]
[Round "2.18"]
[White "Draghici Flutur, Gavril"]
[Black "Diaz Rodriguez, Jose Antonio"]
[Result "1-0"]
[WhiteElo "2063"]
[BlackElo "2000"]
[PlyCount "53"]
[EventDate "2017.08.01"]
[EventType "swiss"]
[EventRounds "9"]
[EventCountry "ESP"]
[SourceTitle "Ajedrez en Madrid"]
[Source "lmi"]
[SourceDate "2017.08.01"]
[SourceVersion "1"]
[SourceVersionDate "2017.08.11"]
[SourceQuality "1"]

1. e4 g6 2. d4 Bg7 3. Nf3 d6 4. Bc4 Nf6 5. Qe2 c6 6. e5 dxe5 7. dxe5 Nd5 8. h3
O-O 9. O-O Qb6 10. Bb3 a5 11. c4 a4 12. Bd1 Nc7 13. Nc3 a3 14. b3 Qa5 15. Bd2
Qa6 16. Bc2 Nd7 17. Rfd1 b5 18. cxb5 Nxb5 19. Bd3 Rb8 20. Rac1 e6 21. Nxb5 cxb5
22. Bb4 Re8 23. Bd6 Rb7 24. Be4 Rb6 25. Bc7 Bf8 26. Bxb6 Nxb6 27. Bc6 1-0

[Event "12. Torneo de Promoción Almansa 2017"]
[Site "Almansa ESP"]
[Date "2017.08.02"]
[Round "3.1"]
[White "Villasenor Rubio, Emilio Jose"]
[Black "Prieto Aranguren, Alain"]
[Result "1-0"]
[WhiteElo "2231"]
[BlackElo "2286"]
[PlyCount "111"]
[EventDate "2017.08.01"]
[EventType "swiss"]
[EventRounds "9"]
[EventCountry "ESP"]
[SourceTitle "Ajedrez en Madrid"]
[Source "lmi"]
[SourceDate "2017.08.01"]
[SourceVersion "1"]
[SourceVersionDate "2017.08.11"]
[SourceQuality "1"]

1. e4 c6 2. Nc3 d5 3. Nf3 Bg4 4. h3 Bh5 5. exd5 cxd5 6. g4 Bg6 7. Ne5 Nc6 8.
Nxg6 hxg6 9. Bg2 e6 10. O-O Bc5 11. Ne2 Qc7 12. d4 Bd6 13. Re1 Nf6 14. Be3 Ne4
15. c4 f5 16. cxd5 exd5 17. f3 Nf6 18. Nf4 Kf7 19. Nd3 Rad8 20. Qd2 Bg3 21. Rf1
Bd6 22. g5 Nd7 23. f4 Nb6 24. Rac1 Qd7 25. Rfd1 Bb8 26. b3 Bd6 27. Bf2 Bb8 28.
a4 a5 29. Ne5+ Bxe5 30. dxe5 d4 31. Rxc6 bxc6 32. Qxa5 Nd5 33. Rxd4 Qb7 34. b4
Rd7 35. Qc5 Ke6 36. Rc4 Kf7 37. Bg3 Qa7 38. Qxa7 Rxa7 39. b5 Ne3 40. b6 Ra6 41.
Rxc6 Rxa4 42. Bf2 Ra1+ 43. Kh2 Ng4+ 44. Kg3 Ra3+ 45. Bf3 Nxf2 46. Kxf2 Rxh3 47.
Bd5+ Ke8 48. b7 Rh2+ 49. Bg2 Ra2+ 50. Ke3 Rb2 51. Rc8+ Ke7 52. Bd5 Rh3+ 53. Kd4
Rd2+ 54. Kc5 Rc2+ 55. Bc4 Rhc3 56. Rc7+ 1-0

[Event "12. Torneo de Promoción Almansa 2017"]
[Site "Almansa ESP"]
[Date "2017.08.02"]
[Round "3.2"]
[White "Gonzalez Laso, Adrian"]
[Black "Castellanos Gomez, Alejandro"]
[Result "1/2-1/2"]
[WhiteElo "2210"]
[BlackElo "2238"]
[PlyCount "70"]
[EventDate "2017.08.01"]
[EventType "swiss"]
[EventRounds "9"]
[EventCountry "ESP"]
[SourceTitle "Ajedrez en Madrid"]
[Source "lmi"]
[SourceDate "2017.08.01"]
[SourceVersion "1"]
[SourceVersionDate "2017.08.11"]
[SourceQuality "1"]

1. e4 e6 2. d4 d5 3. Nc3 Nf6 4. Bg5 Be7 5. e5 Nfd7 6. h4 h6 7. Be3 c5 8. Qg4
Kf8 9. dxc5 Nc6 10. Bb5 Ndxe5 11. Qg3 Qa5 12. Nge2 a6 13. Bxc6 Nxc6 14. O-O-O
Bxc5 15. Bxc5+ Qxc5 16. Qc7 Qe7 17. Qb6 Ne5 18. Rhe1 Nc4 19. Qd4 Qc7 20. b3 Nb6
21. Nf4 Bd7 22. Nh5 Rh7 23. Qb4+ Kg8 24. Re3 Rc8 25. Kb2 Kh8 26. f4 Qc5 27. Qd4
Qxd4 28. Rxd4 f5 29. Ne2 Kg8 30. Nc1 Rc6 31. Nd3 Be8 32. Ng3 g6 33. h5 Rhc7 34.
Nb4 Rd6 35. c3 Bf7 1/2-1/2

[Event "12. Torneo de Promoción Almansa 2017"]
[Site "Almansa ESP"]
[Date "2017.08.02"]
[Round "3.3"]
[White "Silva Rodriguez, Fernando"]
[Black "Pastor Alonso De Prado, Albert"]
[Result "1-0"]
[WhiteElo "2235"]
[BlackElo "2176"]
[PlyCount "57"]
[EventDate "2017.08.01"]
[EventType "swiss"]
[EventRounds "9"]
[EventCountry "ESP"]
[SourceTitle "Ajedrez en Madrid"]
[Source "lmi"]
[SourceDate "2017.08.01"]
[SourceVersion "1"]
[SourceVersionDate "2017.08.11"]
[SourceQuality "1"]

1. d4 b6 2. e4 Bb7 3. Bd3 Nf6 4. Qe2 Nc6 5. c3 e5 6. Nf3 d6 7. O-O Nd7 8. Rd1
g6 9. Bg5 f6 10. Bh4 Qe7 11. a4 Bg7 12. Bc4 Ncb8 13. b4 a5 14. Na3 axb4 15.
cxb4 c6 16. Nc2 Bh6 17. a5 Ba6 18. b5 Bxb5 19. Bxb5 cxb5 20. axb6 Rxa1 21. Rxa1
Qd8 22. Qxb5 g5 23. Bg3 Qxb6 24. Qc4 Kf8 25. Ne3 Qb2 26. Rd1 Kg7 27. Nf5+ Kg6
28. h4 g4 29. h5+ 1-0

[Event "12. Torneo de Promoción Almansa 2017"]
[Site "Almansa ESP"]
[Date "2017.08.02"]
[Round "3.4"]
[White "Nicolas Zapata, Javier"]
[Black "Arias Igual, Alejandro"]
[Result "1/2-1/2"]
[WhiteElo "2138"]
[BlackElo "2232"]
[PlyCount "55"]
[EventDate "2017.08.01"]
[EventType "swiss"]
[EventRounds "9"]
[EventCountry "ESP"]
[SourceTitle "Ajedrez en Madrid"]
[Source "lmi"]
[SourceDate "2017.08.01"]
[SourceVersion "1"]
[SourceVersionDate "2017.08.11"]
[SourceQuality "1"]

1. e4 e6 2. d4 d5 3. Nc3 Bb4 4. exd5 exd5 5. Bd3 Nc6 6. a3 Bxc3+ 7. bxc3 Nce7
8. Bg5 f6 9. Bf4 Bf5 10. Bxf5 Nxf5 11. Qd3 Qd7 12. g4 Nd6 13. Bxd6 cxd6 14. Rb1
Ne7 15. Qb5 Qxb5 16. Rxb5 b6 17. Ne2 Kd7 18. Kd2 Kc6 19. a4 h5 20. f3 hxg4 21.
fxg4 Ng6 22. Ng3 Rae8 23. Nh5 Re4 24. h3 Re7 25. Re1 Rhe8 26. Rxe7 Rxe7 27. Rb1
Nh4 28. Rf1 1/2-1/2

[Event "12. Torneo de Promoción Almansa 2017"]
[Site "Almansa ESP"]
[Date "2017.08.02"]
[Round "3.5"]
[White "Amate Tortosa, Bernardo"]
[Black "Garcia Romero, Benjamin Abel"]
[Result "0-1"]
[WhiteElo "2103"]
[BlackElo "2217"]
[PlyCount "48"]
[EventDate "2017.08.01"]
[EventType "swiss"]
[EventRounds "9"]
[EventCountry "ESP"]
[SourceTitle "Ajedrez en Madrid"]
[Source "lmi"]
[SourceDate "2017.08.01"]
[SourceVersion "1"]
[SourceVersionDate "2017.08.11"]
[SourceQuality "1"]

1. e4 c5 2. c3 e6 3. d4 d5 4. exd5 exd5 5. Nf3 Nf6 6. Bb5+ Nc6 7. O-O Be7 8.
dxc5 Bxc5 9. Re1+ Be6 10. Be3 Qb6 11. Bxc5 Qxc5 12. Nd4 O-O 13. Bxc6 bxc6 14.
Nd2 Qb6 15. N2b3 c5 16. Nxe6 fxe6 17. Qe2 Ne4 18. f3 c4+ 19. Qe3 cxb3 20. fxe4
bxa2 21. Rxa2 Qb3 22. Ra6 dxe4 23. Qxe4 Qxb2 24. Rxe6 Qf2+ 0-1

[Event "12. Torneo de Promoción Almansa 2017"]
[Site "Almansa ESP"]
[Date "2017.08.02"]
[Round "3.6"]
[White "Villar Reymundo, Juan Antonio"]
[Black "Gimenez Menchon, Cesar"]
[Result "0-1"]
[WhiteElo "2215"]
[BlackElo "2167"]
[PlyCount "88"]
[EventDate "2017.08.01"]
[EventType "swiss"]
[EventRounds "9"]
[EventCountry "ESP"]
[SourceTitle "Ajedrez en Madrid"]
[Source "lmi"]
[SourceDate "2017.08.01"]
[SourceVersion "1"]
[SourceVersionDate "2017.08.11"]
[SourceQuality "1"]

1. d4 d5 2. c4 e6 3. Nf3 c5 4. cxd5 exd5 5. g3 Nc6 6. Bg2 Nf6 7. O-O Be7 8. Nc3
O-O 9. dxc5 Bxc5 10. Bg5 d4 11. Bxf6 Qxf6 12. Nd5 Qf5 13. Nd2 Rd8 14. Nf4 Bd6
15. Nd3 Qh5 16. e4 Bg4 17. f3 Be6 18. Rf2 Nb4 19. Bf1 Rac8 20. Nxb4 Bxb4 21.
Bd3 Rc6 22. a3 Ba5 23. Rc1 Rxc1 24. Qxc1 Rc8 25. Qd1 b5 26. Nb3 Bb6 27. Nc1 a5
28. Ne2 Bc4 29. Nf4 Qe5 30. Rc2 Rc7 31. b3 Bxd3 32. Rxc7 Qxc7 33. Qxd3 h6 34.
Kg2 Qc5 35. Nd5 Ba7 36. a4 bxa4 37. bxa4 Kh8 38. Kh3 Qc8+ 39. g4 Qc1 40. Qa6
Bb8 41. Qb5 Bf4 42. Qe8+ Kh7 43. Qxf7 Qf1+ 44. Kh4 Qf2+ 0-1

[Event "12. Torneo de Promoción Almansa 2017"]
[Site "Almansa ESP"]
[Date "2017.08.02"]
[Round "3.7"]
[White "Esteban Romo, Francisco J"]
[Black "Lopez Escribano, Oscar"]
[Result "1-0"]
[WhiteElo "2007"]
[BlackElo "1834"]
[PlyCount "79"]
[EventDate "2017.08.01"]
[EventType "swiss"]
[EventRounds "9"]
[EventCountry "ESP"]
[SourceTitle "Ajedrez en Madrid"]
[Source "lmi"]
[SourceDate "2017.08.01"]
[SourceVersion "1"]
[SourceVersionDate "2017.08.11"]
[SourceQuality "1"]

1. d4 g6 2. Nf3 Bg7 3. e4 d6 4. Bc4 e6 5. O-O Ne7 6. Nc3 O-O 7. Be3 Nd7 8. Qd2
c5 9. Bh6 Nb6 10. Bxg7 Kxg7 11. Be2 Nc6 12. Rad1 Qe7 13. a3 Rd8 14. Bb5 Bd7 15.
Bxc6 Bxc6 16. d5 Be8 17. dxe6 fxe6 18. Rfe1 Nc4 19. Qc1 Bc6 20. b3 Nb6 21. Nd5
Bxd5 22. exd5 e5 23. Ng5 Rd7 24. c4 Rg8 25. f4 Qf6 26. fxe5 dxe5 27. Rf1 Qd6
28. Ne6+ Kh8 29. Qg5 Nc8 30. Rde1 b5 31. Qf6+ Rdg7 32. Nxg7 Qxf6 33. Rxf6 Kxg7
34. Rc6 bxc4 35. bxc4 Re8 36. Rxc5 Kf6 37. Rc6+ Kf5 38. c5 Ne7 39. Re6 Rd8 40.
R1xe5+ 1-0

[Event "12. Torneo de Promoción Almansa 2017"]
[Site "Almansa ESP"]
[Date "2017.08.02"]
[Round "3.8"]
[White "Nicolas Zapata, Irene"]
[Black "Ramos Ferrandiz, Juan Carlos"]
[Result "0-1"]
[WhiteElo "2287"]
[BlackElo "2061"]
[PlyCount "52"]
[EventDate "2017.08.01"]
[EventType "swiss"]
[EventRounds "9"]
[EventCountry "ESP"]
[SourceTitle "Ajedrez en Madrid"]
[Source "lmi"]
[SourceDate "2017.08.01"]
[SourceVersion "1"]
[SourceVersionDate "2017.08.11"]
[SourceQuality "1"]

1. d4 Nf6 2. Nf3 e6 3. e3 b6 4. Bd3 Bb7 5. O-O c5 6. c4 Be7 7. Nc3 cxd4 8. exd4
d5 9. cxd5 Nxd5 10. Ne5 O-O 11. Qg4 Nxc3 12. bxc3 Nc6 13. Bh6 g6 14. Nxg6 fxg6
15. Bxg6 Kh8 16. Bxh7 Rg8 17. Bxg8 Qxg8 18. Qh3 Qh7 19. Qxe6 Rg8 20. Bf4 Rxg2+
21. Kxg2 Nxd4+ 22. f3 Nxe6 23. Bg3 Qg6 24. Rae1 Bd6 25. Kf2 Bc5+ 26. Kg2 Ba6
0-1

[Event "12. Torneo de Promoción Almansa 2017"]
[Site "Almansa ESP"]
[Date "2017.08.02"]
[Round "3.9"]
[White "Gil Quilez, David"]
[Black "Alvarez Morales, Miguel"]
[Result "1/2-1/2"]
[WhiteElo "2214"]
[BlackElo "2055"]
[PlyCount "75"]
[EventDate "2017.08.01"]
[EventType "swiss"]
[EventRounds "9"]
[EventCountry "ESP"]
[SourceTitle "Ajedrez en Madrid"]
[Source "lmi"]
[SourceDate "2017.08.01"]
[SourceVersion "1"]
[SourceVersionDate "2017.08.11"]
[SourceQuality "1"]

1. e4 c5 2. Nf3 e6 3. d4 cxd4 4. Nxd4 a6 5. Nc3 Qc7 6. Be2 Nf6 7. O-O Nc6 8.
Be3 d6 9. f4 Be7 10. a4 Nxd4 11. Qxd4 h5 12. Rad1 Bd7 13. e5 dxe5 14. fxe5 Nd5
15. Nxd5 exd5 16. Bf3 Qxc2 17. Bxd5 O-O 18. Bxf7+ Rxf7 19. Rxf7 Bxa4 20. Rdf1
Bc6 21. R7f2 Qg6 22. Qc4+ Kh7 23. Qf7 Bh4 24. g3 Qg4 25. Qf5+ Qxf5 26. Rxf5 Be7
27. Rxh5+ Kg6 28. Rhf5 Bb5 29. R1f2 Rd8 30. R5f4 Rd1+ 31. Kg2 Bc6+ 32. Kh3 Bd7+
33. g4 Bc6 34. Rf7 Bd8 35. Kg3 Rg1+ 36. Kh3 Rd1 37. Kg3 Rg1+ 38. Kh3 1/2-1/2

[Event "12. Torneo de Promoción Almansa 2017"]
[Site "Almansa ESP"]
[Date "2017.08.02"]
[Round "3.10"]
[White "Jordan Martinez, Miguel"]
[Black "Unciti Juan, Javier"]
[Result "1-0"]
[WhiteElo "2212"]
[BlackElo "2040"]
[PlyCount "88"]
[EventDate "2017.08.01"]
[EventType "swiss"]
[EventRounds "9"]
[EventCountry "ESP"]
[SourceTitle "Ajedrez en Madrid"]
[Source "lmi"]
[SourceDate "2017.08.01"]
[SourceVersion "1"]
[SourceVersionDate "2017.08.11"]
[SourceQuality "1"]

1. e4 e6 2. b3 d5 3. Bb2 dxe4 4. Nc3 Nf6 5. Qe2 Bb4 6. O-O-O Qe7 7. Nxe4 Ba3 8.
Nf3 Nbd7 9. Nxf6+ Qxf6 10. c3 Bxb2+ 11. Kxb2 c5 12. Qe3 O-O 13. Bb5 Qe7 14. d4
cxd4 15. Qxd4 Nf6 16. Ne5 a6 17. Be2 b5 18. Bf3 Bb7 19. Nc6 Bxc6 20. Bxc6 Rad8
21. Qb6 Rb8 22. Qd4 Rfd8 23. Qe3 Qc7 24. Bf3 Rbc8 25. h3 a5 26. Rxd8+ Rxd8 27.
Rd1 Rxd1 28. Bxd1 Nd5 29. Qd4 b4 30. cxb4 Nxb4 31. a3 Nc6 32. Qc3 Qb6 33. Qe3
Nd4 34. Qc3 g6 35. b4 e5 36. f3 axb4 37. Qxb4 Qa7 38. a4 Nc6 39. Qb5 Qd4+ 40.
Kc1 Nb4 41. Be2 Na2+ 42. Kc2 Qc3+ 43. Kb1 Nb4 44. Qc4 Qc2+ 1-0

[Event "12. Torneo de Promoción Almansa 2017"]
[Site "Almansa ESP"]
[Date "2017.08.03"]
[Round "4.1"]
[White "Castellanos Gomez, Alejandro"]
[Black "Silva Rodriguez, Fernando"]
[Result "1-0"]
[WhiteElo "2238"]
[BlackElo "2235"]
[PlyCount "51"]
[EventDate "2017.08.01"]
[EventType "swiss"]
[EventRounds "9"]
[EventCountry "ESP"]
[SourceTitle "Ajedrez en Madrid"]
[Source "lmi"]
[SourceDate "2017.08.01"]
[SourceVersion "1"]
[SourceVersionDate "2017.08.11"]
[SourceQuality "1"]

1. d4 d5 2. Nf3 Nf6 3. e3 c5 4. c3 e6 5. Bd3 Nc6 6. Ne5 Nxe5 7. dxe5 Nd7 8. f4
g6 9. h4 f6 10. h5 fxe5 11. hxg6 e4 12. Qh5 Bg7 13. gxh7+ Kf8 14. Be2 Nf6 15.
Qg5 Bd7 16. b3 Rxh7 17. Rh4 Rxh4 18. Qxh4 Kf7 19. Bh5+ Nxh5 20. Qxh5+ Ke7 21.
Bb2 b5 22. Qh4+ Bf6 23. Qh7+ Kd6 24. Nd2 Bh4+ 25. Ke2 Qf6 26. Nxe4+ 1-0

[Event "12. Torneo de Promoción Almansa 2017"]
[Site "Almansa ESP"]
[Date "2017.08.03"]
[Round "4.2"]
[White "Arias Igual, Alejandro"]
[Black "Esteban Romo, Francisco J"]
[Result "1-0"]
[WhiteElo "2232"]
[BlackElo "2007"]
[PlyCount "115"]
[EventDate "2017.08.01"]
[EventType "swiss"]
[EventRounds "9"]
[EventCountry "ESP"]
[SourceTitle "Ajedrez en Madrid"]
[Source "lmi"]
[SourceDate "2017.08.01"]
[SourceVersion "1"]
[SourceVersionDate "2017.08.11"]
[SourceQuality "1"]

1. Nf3 d6 2. g3 Nf6 3. Bg2 g6 4. O-O Bg7 5. d3 O-O 6. e4 c5 7. Re1 Nc6 8. c3
Nd7 9. Be3 Rb8 10. a4 a6 11. d4 b5 12. axb5 axb5 13. Nbd2 b4 14. Nc4 bxc3 15.
bxc3 cxd4 16. cxd4 Bb7 17. Qd2 Ra8 18. Bg5 Rxa1 19. Rxa1 Nc5 20. dxc5 Bxa1 21.
cxd6 Bf6 22. Bh6 exd6 23. Bxf8 Qxf8 24. Nxd6 Bc8 25. Qf4 Be7 26. Nc4 Be6 27.
Ne3 Qb8 28. Qxb8+ Nxb8 29. Kf1 Nc6 30. Ke2 Bc8 31. Nd5 Ba6+ 32. Ke1 Bd8 33. Kd2
Ba5+ 34. Ke3 h6 35. h4 Nd8 36. Bh3 Ne6 37. Ne7+ Kg7 38. Bxe6 fxe6 39. Nc6 Bb6+
40. Nfd4 Bb7 41. Ne5 Ba6 42. f4 Ba7 43. Nec6 Bb6 44. Kf3 Kf6 45. Kg4 Bxd4 46.
Nxd4 e5 47. Nc6 Be2+ 48. Kh3 exf4 49. e5+ Kf7 50. gxf4 Bd3 51. Nd4 Be4 52. Kg4
Bb7 53. h5 Bc8+ 54. Kh4 Bb7 55. hxg6+ Kxg6 56. f5+ Kf7 57. Kh5 Be4 58. f6 1-0

[Event "12. Torneo de Promoción Almansa 2017"]
[Site "Almansa ESP"]
[Date "2017.08.03"]
[Round "4.3"]
[White "Garcia Romero, Benjamin Abel"]
[Black "Nicolas Zapata, Javier"]
[Result "1-0"]
[WhiteElo "2217"]
[BlackElo "2138"]
[PlyCount "63"]
[EventDate "2017.08.01"]
[EventType "swiss"]
[EventRounds "9"]
[EventCountry "ESP"]
[SourceTitle "Ajedrez en Madrid"]
[Source "lmi"]
[SourceDate "2017.08.01"]
[SourceVersion "1"]
[SourceVersionDate "2017.08.11"]
[SourceQuality "1"]

1. e4 c5 2. Nf3 Nc6 3. Nc3 g6 4. d4 cxd4 5. Nxd4 Bg7 6. Be3 Nf6 7. Bc4 O-O 8.
Bb3 d6 9. h3 Nxd4 10. Bxd4 b5 11. O-O Bb7 12. Bd5 Nxd5 13. Bxg7 Nxc3 14. Bxc3
b4 15. Bxb4 Bxe4 16. c4 Qc8 17. f3 Qxc4 18. Qd2 Rab8 19. a3 Ba8 20. Rac1 Qd5
21. Qe3 Qb7 22. Rfe1 Rfe8 23. Qg5 Qb6+ 24. Kh1 e5 25. Rc4 Qf2 26. Rec1 a5 27.
R4c2 Qb6 28. Be1 Qa6 29. Bh4 Rbc8 30. Qh6 Bxf3 31. Bf6 Bxg2+ 32. Kh2 1-0

[Event "12. Torneo de Promoción Almansa 2017"]
[Site "Almansa ESP"]
[Date "2017.08.03"]
[Round "4.4"]
[White "Gimenez Menchon, Cesar"]
[Black "Gonzalez Laso, Adrian"]
[Result "0-1"]
[WhiteElo "2167"]
[BlackElo "2210"]
[PlyCount "136"]
[EventDate "2017.08.01"]
[EventType "swiss"]
[EventRounds "9"]
[EventCountry "ESP"]
[SourceTitle "Ajedrez en Madrid"]
[Source "lmi"]
[SourceDate "2017.08.01"]
[SourceVersion "1"]
[SourceVersionDate "2017.08.11"]
[SourceQuality "1"]

1. e4 e6 2. d4 d5 3. Bd3 dxe4 4. Bxe4 Nf6 5. Bf3 Bd6 6. Nc3 c6 7. Nge2 Nbd7 8.
Bf4 Nb6 9. Qd3 Bxf4 10. Nxf4 Qd6 11. Nfe2 Nbd5 12. O-O O-O 13. Ne4 Nxe4 14.
Bxe4 Nf6 15. f4 Rd8 16. Rad1 b6 17. Bf3 Bb7 18. c4 Rd7 19. Qe3 Rad8 20. Nc3 Qb4
21. b3 Ba8 22. Na4 Rd6 23. a3 Qa5 24. c5 R6d7 25. Nb2 b5 26. b4 Qa6 27. Rd2 Qc8
28. Nd1 a5 29. Nc3 Ra7 30. Rfd1 h6 31. h3 Bb7 32. g4 Nd5 33. Nxd5 exd5 34. Re2
axb4 35. axb4 Ra4 36. Qc3 Qa8 37. Re3 Ra2 38. Rd2 Rxd2 39. Qxd2 Kf8 40. Re1 Kg8
41. Qc3 Qb8 42. Qe3 Qa8 43. Qe7 Rf8 44. Kg2 Bc8 45. Qc7 h5 46. Qa5 Qb8 47. f5
h4 48. Re5 f6 49. Bxd5+ cxd5 50. Re7 Qg3+ 51. Kf1 Qxh3+ 52. Ke1 Qxg4 53. Qc7
Bxf5 54. Qb7 Qg1+ 55. Ke2 Bg4+ 56. Kd3 Qg3+ 57. Kd2 Qf2+ 58. Kc3 Qf3+ 59. Kd2
Qd1+ 60. Kc3 Qc1+ 61. Kd3 Qc4+ 62. Kd2 Qxd4+ 63. Ke1 Qd1+ 64. Kf2 Qd2+ 65. Kg1
Qg5 66. Kf2 h3 67. Qc7 Ra8 68. Re1 Ra2+ 0-1

[Event "12. Torneo de Promoción Almansa 2017"]
[Site "Almansa ESP"]
[Date "2017.08.03"]
[Round "4.5"]
[White "Prieto Aranguren, Alain"]
[Black "Jordan Martinez, David"]
[Result "1-0"]
[WhiteElo "2286"]
[BlackElo "2095"]
[PlyCount "87"]
[EventDate "2017.08.01"]
[EventType "swiss"]
[EventRounds "9"]
[EventCountry "ESP"]
[SourceTitle "Ajedrez en Madrid"]
[Source "lmi"]
[SourceDate "2017.08.01"]
[SourceVersion "1"]
[SourceVersionDate "2017.08.11"]
[SourceQuality "1"]

1. d4 Nf6 2. Bg5 Ne4 3. Bf4 e6 4. f3 Bd6 5. Bxd6 Nxd6 6. e4 f5 7. e5 Nf7 8. f4
O-O 9. Nc3 d6 10. Nf3 c5 11. dxc5 dxe5 12. Qxd8 Rxd8 13. Nxe5 Nxe5 14. fxe5 Nc6
15. Bb5 Nxe5 16. O-O Nc6 17. Rad1 Kf8 18. Bxc6 Rxd1 19. Rxd1 bxc6 20. Rd6 Ke7
21. Rxc6 Bd7 22. Rc7 Kd8 23. Rb7 Kc8 24. c6 Bxc6 25. Rxg7 Rb8 26. Rg8+ Kc7 27.
Rxb8 Kxb8 28. Kf2 Kc7 29. g3 Kd6 30. Ke3 e5 31. Ne2 Kc5 32. Nc1 h5 33. Nd3+ Kd6
34. h4 Be4 35. b3 Bxd3 36. cxd3 a5 37. a3 Kd5 38. Kd2 Kd4 39. b4 a4 40. Kc2 Kd5
41. Kc3 e4 42. dxe4+ fxe4 43. Kd2 Kc4 44. Ke3 1-0

[Event "12. Torneo de Promoción Almansa 2017"]
[Site "Almansa ESP"]
[Date "2017.08.03"]
[Round "4.6"]
[White "Garrido Fernandez, Javier"]
[Black "Navarro Lopez-Menchero, Daniel"]
[Result "0-1"]
[WhiteElo "2093"]
[BlackElo "2266"]
[PlyCount "68"]
[EventDate "2017.08.01"]
[EventType "swiss"]
[EventRounds "9"]
[EventCountry "ESP"]
[SourceTitle "Ajedrez en Madrid"]
[Source "lmi"]
[SourceDate "2017.08.01"]
[SourceVersion "1"]
[SourceVersionDate "2017.08.11"]
[SourceQuality "1"]

1. e4 c5 2. Nf3 d6 3. d4 cxd4 4. Nxd4 Nf6 5. Nc3 a6 6. Bg5 Nbd7 7. f4 e5 8. Nf3
Qb6 9. Qd2 Qxb2 10. Rb1 Qa3 11. Be2 Qa5 12. O-O h6 13. Bxf6 Nxf6 14. Kh1 Be7
15. f5 Qc5 16. Bd3 Bd8 17. Nd1 O-O 18. Ne3 b5 19. c4 Bb7 20. Nd5 Bxd5 21. cxd5
Bb6 22. a4 Ng4 23. h3 Nf2+ 24. Kh2 Nxd3 25. Qxd3 bxa4 26. f6 Qe3 27. Qxe3 Bxe3
28. fxg7 Rfc8 29. Ra1 Rc4 30. Rfe1 Bf4+ 31. Kh1 Rac8 32. Ng1 Kxg7 33. Re2 Rc1
34. Rxa4 Bg3 0-1

[Event "12. Torneo de Promoción Almansa 2017"]
[Site "Almansa ESP"]
[Date "2017.08.03"]
[Round "4.7"]
[White "Jimenez De La Torre, Jose A"]
[Black "Jordan Martinez, Miguel"]
[Result "0-1"]
[WhiteElo "2063"]
[BlackElo "2212"]
[PlyCount "90"]
[EventDate "2017.08.01"]
[EventType "swiss"]
[EventRounds "9"]
[EventCountry "ESP"]
[SourceTitle "Ajedrez en Madrid"]
[Source "lmi"]
[SourceDate "2017.08.01"]
[SourceVersion "1"]
[SourceVersionDate "2017.08.11"]
[SourceQuality "1"]

1. e4 e6 2. d4 d5 3. Nd2 Nf6 4. e5 Nfd7 5. c3 c5 6. Bd3 Nc6 7. Ngf3 g6 8. O-O
Bg7 9. Re1 O-O 10. Nf1 cxd4 11. cxd4 Qb6 12. Qa4 f6 13. exf6 Nxf6 14. Be3 Bd7
15. Qc2 Nb4 16. Qd2 Nxd3 17. Qxd3 Rac8 18. Ne5 Ba4 19. Qa3 Bb5 20. Rac1 Ne4 21.
Rxc8 Rxc8 22. Qe7 Rf8 23. Rc1 Bf6 24. Qb4 a5 25. Nd7 axb4 26. Nxb6 Bc6 27. a4
bxa3 28. bxa3 Bd8 29. Nc8 Bh4 30. g3 Rxc8 31. gxh4 Ra8 32. Ra1 Ra4 33. Ng3 Nc3
34. h5 gxh5 35. h4 Nb5 36. Ne2 Rxa3 37. Rc1 Kf7 38. Nf4 Nd6 39. Nh3 h6 40. Nf4
Nf5 41. Ng2 Ra8 42. Kh2 Rg8 43. Kh3 e5 44. dxe5 d4 45. e6+ Ke7 0-1

[Event "12. Torneo de Promoción Almansa 2017"]
[Site "Almansa ESP"]
[Date "2017.08.03"]
[Round "4.8"]
[White "Ramos Ferrandiz, Juan Carlos"]
[Black "Pastor Alonso De Prado, Albert"]
[Result "1-0"]
[WhiteElo "2061"]
[BlackElo "2176"]
[PlyCount "87"]
[EventDate "2017.08.01"]
[EventType "swiss"]
[EventRounds "9"]
[EventCountry "ESP"]
[SourceTitle "Ajedrez en Madrid"]
[Source "lmi"]
[SourceDate "2017.08.01"]
[SourceVersion "1"]
[SourceVersionDate "2017.08.11"]
[SourceQuality "1"]

1. d4 b6 2. c4 e6 3. Nf3 Bb7 4. g3 f5 5. Bg2 Nf6 6. O-O Be7 7. Nc3 O-O 8. d5
Qe8 9. Nd4 Bc5 10. Ndb5 Na6 11. a3 c6 12. dxe6 Qxe6 13. b4 Qxc4 14. bxc5 Nxc5
15. Bb2 cxb5 16. Bxb7 Nxb7 17. Rc1 Nc5 18. Nxb5 Qxb5 19. Bxf6 gxf6 20. Qd5+ Kh8
21. Rc4 Qc6 22. Qxf5 Qe6 23. Qc2 Rae8 24. Rh4 f5 25. e3 Ne4 26. Rd1 Rc8 27. Qa4
Rf7 28. Qxa7 Ng5 29. Qb7 Qc6 30. Qxc6 dxc6 31. Rh6 Ne4 32. Re6 b5 33. Kg2 Kg7
34. f3 Nc5 35. Re5 Rd7 36. Rxd7+ Nxd7 37. Re7+ Kf6 38. Rxd7 Ke6 39. Rxh7 Ra8
40. e4 fxe4 41. fxe4 Rxa3 42. Rb7 Ke5 43. h4 Kxe4 44. h5 1-0

[Event "12. Torneo de Promoción Almansa 2017"]
[Site "Almansa ESP"]
[Date "2017.08.03"]
[Round "4.9"]
[White "Delgado Alarcon, Jesus Francis"]
[Black "Romero Berruezo, Francisco"]
[Result "0-1"]
[WhiteElo "2026"]
[BlackElo "2132"]
[PlyCount "75"]
[EventDate "2017.08.01"]
[EventType "swiss"]
[EventRounds "9"]
[EventCountry "ESP"]
[SourceTitle "Ajedrez en Madrid"]
[Source "lmi"]
[SourceDate "2017.08.01"]
[SourceVersion "1"]
[SourceVersionDate "2017.08.11"]
[SourceQuality "1"]

1. d4 Nf6 2. c4 c5 3. e3 g6 4. Nc3 Bg7 5. f4 cxd4 6. exd4 O-O 7. Nf3 d5 8. b3
Nc6 9. Bb2 Bg4 10. Be2 dxc4 11. bxc4 Bxf3 12. Bxf3 Nxd4 13. O-O Nxf3+ 14. Qxf3
Qd4+ 15. Kh1 Qxc4 16. Rac1 Qc6 17. Qe2 e6 18. Nb5 Qe4 19. Qd2 Rfd8 20. Qa5 b6
21. Qa6 Nd5 22. Bxg7 Kxg7 23. Qb7 Nc3 24. Qxe4 Nxe4 25. Rc7 Rac8 26. Rxa7 Rc2
27. Ra4 Nf2+ 28. Kg1 Ng4 29. Nd4 Rb2 30. h3 Ne3 31. Rf2 Rb1+ 32. Kh2 b5 33. Nc6
Rdd1 34. Rb4 Rbc1 35. Nd4 Nf5 36. g4 Rh1+ 37. Kg2 Ne3+ 38. Kf3 0-1